Housing in the Russian Federation. (Record no. 86493)

MARC details
000 -LEADER
fixed length control field 00837cam a2200289 4500
008 - FIXED-LENGTH DATA ELEMENTS--GENERAL INFORMATION
fixed length control field 090401t1994 xxu||||| |||| 00| 0 eng d
020 ## - INTERNATIONAL STANDARD BOOK NUMBER
International Standard Book Number 1897918046
035 ## - SYSTEM CONTROL NUMBER
System control number (Sirsi) u8186
041 ## - LANGUAGE CODE
Language code of text/sound track or separate title eng
050 ## - LIBRARY OF CONGRESS CALL NUMBER
Classification number 306.10947
100 ## - MAIN ENTRY--PERSONAL NAME
Personal name Cannon, Jacquie
245 ## - TITLE STATEMENT
Title Housing in the Russian Federation.
260 ## - PUBLICATION, DISTRIBUTION, ETC.
Place of publication, distribution, etc. London
Name of publisher, distributor, etc. Construction Forecasting and Research Lt
Date of publication, distribution, etc. 1994
300 ## - PHYSICAL DESCRIPTION
Extent vi,130p. : ill.,maps ; 30cm.
350 ## - PRICE (NR) (BK AM CF MU VM SE) [OBSOLETE]
Price 0
490 ## - SERIES STATEMENT
Series statement Construction and Development in the Russian Federation
Volume/sequential designation 2
650 ## - SUBJECT ADDED ENTRY--TOPICAL TERM
Topical term or geographic name entry element HOUSE BUILDING
650 ## - SUBJECT ADDED ENTRY--TOPICAL TERM
Topical term or geographic name entry element RUSSIA
650 ## - SUBJECT ADDED ENTRY--TOPICAL TERM
Topical term or geographic name entry element RUSSIAN FEDERATION
690 ## - LOCAL SUBJECT ADDED ENTRY--TOPICAL TERM (OCLC, RLIN)
Topical term or geographic name as entry element OVERSEAS-EUROPE
700 ## - ADDED ENTRY--PERSONAL NAME
Personal name Hillebrandt, Patricia M
700 ## - ADDED ENTRY--PERSONAL NAME
Personal name Meikle, James L.
700 ## - ADDED ENTRY--PERSONAL NAME
Personal name Seitkhallilov, Leonid
710 ## - ADDED ENTRY--CORPORATE NAME
Corporate name or jurisdiction name as entry element Russian Construction Research Group
9 (RLIN) 2250
942 ## - ADDED ENTRY ELEMENTS (KOHA)
Suppress in OPAC 0
948 ## - LOCAL PROCESSING INFORMATION (OCLC); SERIES PART DESIGNATOR (RLIN)
c (OCLC) 04/03/1997
Holdings
Withdrawn status Lost status Source of classification or shelving scheme Damaged status Not for loan Home library Current library Shelving location Date acquired Cost, normal purchase price Total Checkouts Full call number Barcode Date last seen Copy number Cost, replacement price Price effective from Koha item type
    Dewey Decimal Classification     London London Basement 11/03/1994 360.00   SHELF 202 30041071 06/08/2019 1 360.00 06/08/2019 Book